000 00245nam a22001097a 4500
082 _a823
_bDIS/R
100 _aDISNEY
245 _aTHE RESCUERS DOWN UNDER
260 _aUNITED STATES
_bDISNEY
650 _aENGLISH STORY
_zUNITED STATES
942 _cBK
999 _c7528
_d7528